| 000 | 00865cam a2200313 4500 | ||
|---|---|---|---|
| 008 | 090401t1997 xxu||||| |||| 00| 0 eng d | ||
| 020 | _a0728202875 | ||
| 035 | _a(Sirsi) u82767 | ||
| 041 | _aeng | ||
| 050 | _a690.24 | ||
| 100 | _aMelville, Ian A. | ||
| 245 | 4 | _aThe repair and maintenance of houses. | |
| 250 | _a2nd ed. | ||
| 260 |
_aLondon _bEstates Gazette _c1997 |
||
| 300 | _aix,460p. : ill. ; 30cm. | ||
| 350 | _a45 | ||
| 650 | _aDAMP | ||
| 650 | _aDRAINAGE | ||
| 650 | _aBUILT ENVIRONMENT-BUILDING ELEMENTS-COMPLETE BUILDING ELEMENTS-FOUNDATIONS | ||
| 650 | _aHOUSES | ||
| 650 | _aHOUSING REPAIRS | ||
| 650 | _aREPAIRS AND MAINTENANCE | ||
| 650 | _aROOFING | ||
| 650 | _aTIMBER | ||
| 650 | _aBUILT ENVIRONMENT-BUILDING ELEMENTS-COMPLETE BUILDING ELEMENTS-WALLS | ||
| 700 | _aGordon, Ian A. | ||
| 942 | _n0 | ||
| 948 | _c17/12/1997 | ||
| 999 |
_c96831 _d96831 |
||